=LDR 00000nam 2200000 4500 =001 INLIS000000000032869 =005 20151222125925.0 =006 =007 =008 Ind =035 ##$$0010-061300000032869 =041 ##$$a Ind =082 ##$$a 028.5 =090 ##$$a 028.5, Nat s =100 ##$$a Nata, Koko =245 ##$$a Sains ramah lingkungan, Koko Nata =260 ##$$a 2009 $b Jakarta =300 ##$$a 137 hlm, ilus, 21 cm =650 ##$$a Bacaan anak-anak =850 ##$$a NBPNMAT =990 ##$$a 21003178 =990 ##$$a 13601360 =990 ##$$a 1201001468 =990 ##$$a 21003178